00589 a2200169 4500010001400000020002300014035001300037037001500050082001000065100001700075245017500092260004400267300003900311500002000350700001900370700003000389 aENG-88963 a8120333857c350.00 aEN-72496 bDBAD / Pub14a005.81 aRatliff, Bud10aMicrosoft internet secutiry and acceleration (ISA) server 2004:b administrator's pocket consultant /cby Bud Ratliff and Jason Ballard with the Microsoft ISA Server team aNew DelhibPrentice-Hall of Indiac2008 axxii, 405 p.c21 cm (Pbk)e+CD-ROM aIncludes index.1 aBallard, Jason1 aMicrosoft ISA Server Team